Harf-e-Ulfat Akhar Preetaan De / (Record no. 524859)

000 -LEADER
fixed length control field 00483nam a22001697a 4500
003 - CONTROL NUMBER IDENTIFIER
control field NUST
020 ## - INTERNATIONAL STANDARD BOOK NUMBER
International Standard Book Number -
038 ## - RECORD CONTENT LICENSOR
Staff Name Zafar Malik
082 ## - DEWEY DECIMAL CLASSIFICATION NUMBER
Classification number 891.421
Author Mark SHA
100 ## - MAIN ENTRY--PERSONAL NAME
Personal name Shafqaat, Malik Ahmed Awan
9 (RLIN) 15657
245 ## - TITLE STATEMENT
Title Harf-e-Ulfat Akhar Preetaan De /
Statement of responsibility, etc. Malik Shafqaat Ahmed Awan
300 ## - PHYSICAL DESCRIPTION
Extent 126 p. ;
500 ## - GENERAL NOTE
General note Hardcover
880 ## - ALTERNATE GRAPHIC REPRESENTATION
Linkage 100-02\r
Title ملک شفقات احمد اعوان
880 ## - ALTERNATE GRAPHIC REPRESENTATION
Linkage 245-02\r
Title حرف الفت اکھر پریتاں دے
942 ## - ADDED ENTRY ELEMENTS (KOHA)
Source of classification or shelving scheme
Koha item type Book
Holdings
Withdrawn status Lost status Source of classification or shelving scheme Damaged status Not for loan Permanent Location Current Location Shelving location Date acquired Total Checkouts Full call number Barcode Date last seen Price effective from Koha item type
          Central Library (CL) Central Library (CL) Punjabi Literature 06/26/2019   891.421 SHA CL-E-683 06/26/2019 06/26/2019 Book
© 2023 Central Library, National University of Sciences and Technology. All Rights Reserved.